000 00556nam a2200157 a 4500
008 120416s1963 ||||||||||||||||| || u
050 _aHD 21 And
100 _aAndrews, Philip WalterSawford
245 1 0 _aManufacturing business
260 _aLondon
_bMacmillan
_c1963
300 _axviii, 308p. : ill.
350 _a0.00
650 _aMANUFACTURING--BUSINESS MANAGEMENT
650 _aMANUFACTURING
995 _D0.00
_FCBU-MAIN LIBRARY (Kitwe)
_H1
_I0.00
_M1
_UAVAILABLE
_ZAnnex Low-Usage Collection
999 _c50313
_d50313